000 00351nam a2200133Ia 4500
008 231129s1989||||xx |||||||||||||| ||spa||
040 _bspa
082 _a328.3 P221
100 _aParlamento Andino
245 0 _aSexto periodo de sesiones ordinarias 11 al 16 de Marzo de 1987
260 _c1989
264 _aUniversidad Nacional
942 _2ddc
_cBKS
999 _c24538
_d24538